| 000 -LEADER |
| fixed length control field |
00595nam a22002057a 4500 |
| 008 - FIXED-LENGTH DATA ELEMENTS--GENERAL INFORMATION |
| fixed length control field |
151130b xxu||||| |||| 00| 0 eng d |
| 020 ## - INTERNATIONAL STANDARD BOOK NUMBER |
| International Standard Book Number |
0133901629 |
| 041 0# - LANGUAGE CODE |
| Language code of text/sound track or separate title |
eng |
| 080 ## - UNIVERSAL DECIMAL CLASSIFICATION NUMBER |
| Universal Decimal Classification number |
930 |
| Common auxiliary subdivision |
(73) |
| 100 1# - Rafti |
| Rafti |
Button, H. Warren. |
| 245 10 - TITLE STATEMENT |
| Title |
History of education and culture in America / |
| Statement of responsibility, etc |
H. Warren Button, Eugene F. Provenzo, Jr. |
| 250 ## - |
| -- |
2nd ed. |
| 260 ## - |
| -- |
Englewood Cliffs, N.J. : |
| -- |
Prentice Hall, |
| -- |
1989. |
| 300 ## - |
| -- |
x, 371 f. : |
| -- |
me ill. ; |
| -- |
24 cm. |
| 650 #0 - |
| -- |
Histori |
| -- |
Amerika |
| 650 #0 - |
| -- |
Edukim |
| 650 #0 - |
| -- |
Kulturë |
| 700 1# - |
| -- |
Provenzo, Eugene F. |
| 942 ## - ADDED ENTRY ELEMENTS (KOHA) |
| Source of classification or shelving scheme |
|
| Item type |
Books |